La ordenación constitucional de la justicia en España /

Salvato in:
Dettagli Bibliografici
Autore principale: Figueruelo Burrieza, Angela (autor)
Natura: Libro
Lingua:spagnolo
Pubblicazione: Bogotá, Colombia : Universidad Externado de Colombia, Instituto de Estudios Constitucionales Carlos Restrepo Piedrahita, 1999, c1999
Serie:(Temas de Derecho Público ; 56)
Soggetti:
Tags: Aggiungi Tag
Nessun Tag, puoi essere il primo ad aggiungerne!!

MARC

LEADER 00000nam^a2200000^a^4500
001 000142061
005 20250521000000.0
009 20260310095636.002
020 |a 958-616-416-0 
037 |a Acervo ITESO - Biblioteca 
041 |a ESP 
082 |a 342. 46  |b FIG 
100 |a Figueruelo Burrieza, Angela  |e (autor) 
245 1 3 |a La ordenación constitucional de la justicia en España /  |c A. Figueruelo Burrieza. 
264 4 |a Bogotá, Colombia :  |b Universidad Externado de Colombia, Instituto de Estudios Constitucionales Carlos Restrepo Piedrahita,  |c 1999, c1999 
300 |a 57 p. 
336 |a texto  |b txt  |2 rdacontenido 
337 |a sin mediación  |b n  |2 rdamedio 
338 |a volumen  |b nc  |2 rdasoporte 
440 1 |a (Temas de Derecho Público ;  |v 56) 
649 |a XX 
650 |a Derecho Público -  |x Publicaciones Periódicas Colombianas 
650 |a Funcionarios Públicos -  |z España -  |x Condiciones Jurídicas 
650 |a Jurado -  |z España 
650 |a Tribunales -  |z España 
650 |a Justicia -  |x Administración -  |z España 
650 |a Derecho Procesal Penal -  |z España 
650 |a Derecho Procesal Civil -  |z España 
650 |a Práctica Jurídica -  |z España 
650 |a Autonomía Política -  |z España -  |x Aspectos Jurídicos 
650 |a Poder Judicial -  |z España 
650 |a Derecho Constitucional -  |z España 
650 |a Derecho Federal -  |z España 
650 |a Derecho Público -  |z España 
650 |a Derecho Positivo -  |z España 
650 |a Democracia -  |z España 
650 |a Política -  |z España 
910 |a Fondo General 
920 |a Impresos - Libros 
930 |a Colección General 
905 |a 101 
901 |a 0500070730  |b IT1  |c ACC  |u 20250521 
902 |a https://opac.biblio.iteso.mx/vufind/Record/000142061